Top 100 NBA Players of All Time (July 2024) - Statistics

General Stats
  • This quiz has been taken 432 times
    337 since last reset
  • The average score is 72 of 100
Answer Stats
Hint Answer % Correct
Bulls Michael Jordan
100%
Cavaliers LeBron James
99%
Warriors Stephen Curry
98%
Bucks/Lakers Kareem Abdul-Jabbar
97%
Lakers Kobe Bryant
97%
Lakers/Magic Shaquille O'neal
97%
Celtics Larry Bird
96%
Lakers Magic Johnson
96%
Spurs Tim Duncan
96%
Warriors/76ers Wilt Chamberlain
95%
Celtics Bill Russell
94%
Rockets Hakeem Olajuwon
94%
Lakers Jerry West
94%
Thunder/Warriors Kevin Durant
94%
Mavericks Dirk Nowitzki
93%
Timberwolves/Cetlics Kevin Garnett
93%
Nuggets Nikola Jokic
93%
Bucks Giannis Antetokounmpo
91%
76ers/Nets Julius Erving
91%
Jazz Karl Malone
91%
Rockets/76ers Moses Malone
91%
Rockets/76ers James Harden
89%
Jazz John Stockton
89%
Cavaliers/Nets Kyrie Irving
89%
Hornets/Clippers Chris Paul
87%
Spurs David Robinson
87%
Pistons Isiah Thomas
87%
Thunder/Rockets Russell Westbrook
87%
Spurs Tony Parker
87%
76ers/Suns/Rockets Charles Barkley
86%
Kings/Royals Oscar Robertson
86%
76ers/Nuggets Allen Iverson
85%
Bulls/Blazers Scottie Pippen
85%
Heat/Bulls Dwyane Wade
84%
Spurs/Raptors Kawhi Leonard
84%
Knicks Patrick Ewing
84%
Suns/Mavericks Steve Nash
84%
Spurs Manu Ginobili
83%
Pelicans/Lakers Anthony Davis
81%
Mavericks Luka Doncic
81%
Sonics/Celtics Dennis Johnson
80%
Celtics Paul Pierce
80%
Nets/Suns Jason Kidd
79%
Nuggets/Knicks Carmelo Anthony
78%
Blazers Damian Lillard
78%
Warriors/Mavericks Klay Thompson
78%
Sonics/Celtics Ray Allen
78%
Blazers/Rockets Clyde Drexler
76%
Nuggets David Thompson
76%
Hawks Dominique Wilkins
76%
Pacers Reggie Miller
76%
Bulls/Pistons Dennis Rodman
75%
Grizzlies Pau Gasol
75%
Sonics Gary Payton
73%
Raptors/Nets Vince Carter
73%
Warriors Draymond Green
72%
Magic/Lakers Dwight Howard
71%
76ers Joel Embiid
71%
Celtics John Havlicek
71%
Magic/Rockets Tracy McGrady
71%
Pacers/Thunder Paul George
70%
Celtics Bob Cousy
69%
Lakers Elgin Baylor
69%
Hawks Bob Pettit
68%
Clippers/Pistons Blake Griffin
67%
Raptors/Heat Chris Bosh
67%
Lakers James Worthy
66%
Celtics Kevin Mchale
66%
Spurs George Gervin
65%
Knicks Walt Frazier
61%
Blazers/Clippers Bill Walton
60%
Celtics/Bulls Robert Parish
60%
Lakers George Mikan
59%
Bullets Wes Unseld
59%
Nuggets Alex English
58%
Clippers Bob McAdoo
57%
Nuggets/Hawks Dikembe Mutombo
57%
Knicks Willis Reed
57%
Pistons/Cavs Ben Wallace
56%
Heat/Bulls Jimmy Butler
55%
Heat/Hornets Alonzo Mourning
54%
Pistons Joe Dumars
54%
Jazz/Hawks Pete Maravich
54%
Warriors/Nets Rick Barry
54%
Rockets Yao Ming
54%
Pistons/Nuggets Chauncey Billups
52%
Bullets/Rockets Elvin Hayes
51%
Kings/Warriors Chris Webber
48%
Warriors/Pacers Chris Mullin
47%
Celtics Sam Jones
44%
Celtics Dave Cowens
40%
Knicks Bernard King
39%
76ers/Nationals Dolph Schayes
39%
Pistons/Magic Grant Hill
38%
Bucks Sidney Moncrief
35%
Bulls/Spurs Artis Gilmore
34%
Warriors Nate Thurmond
33%
Jazz/Pistons Adrian Dantley
32%
Kings/Celtics Tiny Archibald
32%
Kings/Lakers Mitch Richmond
21%
No matching quizzes found
Score Distribution
Percent of People with Each Score
Percentile by Number Answered
Your Score History
You have not taken this quiz since the last reset